000 01007nas a2200349 4500
001 BR2015003917
003 BR-BrBNA
005 20231205125534.0
007 ta
008 230509b bl.|||p| |||| 00| 00por d
040 _aBR-BrBNA
_bpor
_cBiblioteca Nacional de Agricultura
041 _a(En)
072 _aF01
100 1 _aChioderoli, C.A.
100 1 _aFurlani, C.E.A.
100 1 _aAguiar, A.O.
100 1 _aCavichioli, F.A.
100 1 _aCassia, M.T.
245 1 _aOperational parameters of soybean seeding in santa fe system
650 _aSOJA
650 _aPLANTIO DIRETO
650 _aSISTEMA DE CULTIVO
650 _aINTEGRACAO
650 _aLAVOURA
650 _aPECUARIA
650 _aSEMEADURA MECANICA
650 _aTRATOR
773 0 _tEngenharia Agrícola (Brazil)
_xISSN 1809-4430
_g(Sep-Oct 2012), v. 32(5) p. 900-908
_wBR2015003917
856 4 0 _uhttp://www.scielo.br/pdf/eagri/v32n5/09.pdf
909 _a202311
_bLúcia
_c55
_dLúcia Elande
942 _2AGRIS
_n0
_cANA
999 _c244830
_d244830